[Event "Flint (MI Jr/2/24)"]
[Site "?"]
[Date "1996.??.??"]
[Round "?"]
[White "Mullane, B."]
[Black "Herron, D."]
[Result "1-0"]
[WhiteElo "1605"]
[BlackElo "1605"]
[PlyCount "151"]
[EventDate "1996.??.??"]

{2/(24)} 1. d4 d5 2. Nc3 e6 3. Bf4 Nc6 4. Nf3 Nf6 5. Nb5 Bb4+ 6. c3 Ba5 7. e3
a6 8. Na3 b5 9. b4 Bb6 10. Bd3 Ne4 11. Qc2 Na7 12. Bxe4 dxe4 13. Qxe4 Qd5 14.
Qd3 Bd7 15. Ng5 Qf5 16. Qxf5 exf5 17. O-O O-O 18. c4 bxc4 19. Nxc4 Bb5 20. Rac1
Bxc4 21. Rxc4 Nb5 22. a4 Nd6 23. Rc6 Ne8 24. a5 Ba7 25. Bxc7 Rc8 26. Rfc1 Bb8
27. Bxb8 Rxb8 28. Rxa6 Rxb4 29. h3 Nf6 30. Rb6 Ra4 31. a6 Nd5 32. Rd6 Nb4 33.
Rc4 Ra1+ 34. Kh2 Nxa6 35. Nf3 Rb1 36. Rxa6 Rb2 37. Kg3 f6 38. Rc5 g6 39. d5 h5
40. Nh4 g5 41. Ng6 h4+ 42. Kh2 Rfb8 43. Rxf6 Rxf2 44. Rc7 g4 45. Ne7+ Kg7 46.
Rg6+ Kf7 47. hxg4 fxg4 48. Rxg4 Rbb2 49. Ng6+ Kf6 50. Nxh4 Rbd2 51. e4 Ke5 52.
Re7+ Kd6 53. Re6+ Kc5 54. Nf3 Rde2 55. Rc6+ Kb5 56. Nd4+ Ka5 57. Nxe2 Rxe2 58.
d6 Kb5 59. Rc1 Rd2 60. e5 Rd5 61. Rg5 Rd2 62. Kh3 Rd3+ 63. g3 Kb4 64. Rg4+ Kb3
65. Kh4 Kb2 66. Rc8 Re3 67. Rg5 Re4+ 68. g4 Re2 69. d7 Rd2 70. e6 Rd4 71. d8=Q
Rxd8 72. Rxd8 Kc3 73. e7 Kc4 74. e8=Q Kb4 75. Qb5+ Kc3 76. Rc5# 1-0

[Event "Detroit (Class C/3/9)"]
[Site "?"]
[Date "1996.??.??"]
[Round "?"]
[White "Motley, Gerald"]
[Black "Rosebrook, G."]
[Result "1-0"]
[WhiteElo "1605"]
[BlackElo "1605"]
[PlyCount "47"]
[EventDate "1996.??.??"]

{3/(9)} 1. b4 Nf6 2. Bb2 e6 3. a3 d5 4. Nf3 Bd7 5. e3 Nc6 6. c4 Ne7 7. Nc3 c6
8. c5 Qc7 9. Bd3 Ng6 10. Qc2 b6 11. cxb6 axb6 12. Rc1 Be7 13. h4 e5 14. h5 Nf8
15. Be2 Ng4 16. Nxd5 Qd8 17. Nc3 Bf6 18. Ne4 Qe7 19. Qd3 O-O-O 20. Qa6+ Kb8 21.
Qxb6+ Ka8 22. Qa6+ Kb8 23. Qb6+ Ka8 24. Rc5 1-0

[Event "Ann Arbor (Ann Arbor Open, U2000/3)"]
[Site "?"]
[Date "1996.??.??"]
[Round "?"]
[White "Morris, Jewell"]
[Black "Vandivier, Don"]
[Result "1/2-1/2"]
[WhiteElo "1895"]
[BlackElo "1935"]
[PlyCount "62"]
[EventDate "1996.??.??"]

{2000/(3)} 1. d4 Nf6 2. c4 g6 3. Nc3 d5 4. cxd5 Nxd5 5. e4 Nxc3 6. bxc3 Bg7 7.
Bc4 c5 8. Be3 Qa5 9. Ne2 cxd4 10. Bxd4 Bxd4 11. Qxd4 O-O 12. Qd5 Qc7 13. Nd4 a6
14. Bb3 Qxc3+ 15. Ke2 Qb2+ 16. Kf3 e6 17. Qd6 Qc3+ 18. Ke2 Nc6 19. Nxc6 Qxc6
20. Qxc6 bxc6 21. Ba4 Bb7 22. Rab1 Rab8 23. Rb6 Ba8 24. Rhb1 Rxb6 25. Rxb6 c5
26. f3 Kg7 27. Rxa6 Kf6 28. Kd3 Ke5 29. Bc6 Bxc6 30. Rxc6 Rd8+ 31. Kc3 Ra8
1/2-1/2

[Event "Detroit (Class A/1/11)"]
[Site "?"]
[Date "1996.??.??"]
[Round "?"]
[White "Morris, Jewell"]
[Black "Triplett, Thomas"]
[Result "1-0"]
[WhiteElo "1840"]
[BlackElo "1915"]
[PlyCount "51"]
[EventDate "1996.??.??"]

{1/(11)} 1. d4 Nf6 2. c4 g6 3. Nc3 Bg7 4. e4 d6 5. f4 O-O 6. Nf3 c6 7. h3 Na6
8. Be2 Rb8 9. Be3 Nh5 10. O-O Ng3 11. Rf2 Nxe2+ 12. Qxe2 b6 13. Rd1 Qe8 14. e5
Bb7 15. Ne4 Rd8 16. Ng3 e6 17. Ne4 dxe5 18. fxe5 f5 19. exf6 c5 20. fxg7 Rf7
21. Nfg5 Rxf2 22. Qxf2 Qe7 23. Qf6 Rd7 24. Rf1 Qxg7 25. Qxe6+ Kh8 26. Nf7+ 1-0

[Event "Ann Arbor (Ann Arbor Open, U2000/1)"]
[Site "?"]
[Date "1996.??.??"]
[Round "?"]
[White "Morris, Jewell"]
[Black "Sobh, Hassan"]
[Result "1/2-1/2"]
[WhiteElo "1895"]
[BlackElo "1750"]
[PlyCount "115"]
[EventDate "1996.??.??"]

{2000/(1)} 1. d4 d5 2. c4 e6 3. Nc3 Nf6 4. Bg5 Be7 5. Nf3 O-O 6. e3 c6 7. Bd3
dxc4 8. Bxc4 Nd5 9. Bxe7 Qxe7 10. O-O Nd7 11. Bb3 b6 12. Rc1 Bb7 13. Nxd5 exd5
14. Qd3 c5 15. Bc2 f5 16. b3 a5 17. dxc5 Nxc5 18. Qd4 Qf6 19. Rfd1 Qxd4 20.
Nxd4 Rf6 21. Nxf5 Raf8 22. Ne7+ Kh8 23. f3 Re6 24. Nxd5 Bxd5 25. Rxd5 Rxe3 26.
Rcd1 Kg8 27. Rd8 g6 28. R8d6 Re2 29. R6d2 Rfe8 30. Kf1 R2e3 31. Rb1 Na6 32. Bd3
Nc7 33. Bc4+ Kf8 34. Rd7 R8e7 35. Rxe7 Kxe7 36. Re1 Rxe1+ 37. Kxe1 b5 38. Bg8
Kf8 39. Bxh7 Kg7 40. Bxg6 Kxg6 41. a3 Nd5 42. Kd2 Kf5 43. g3 Ke5 44. Kd3 Nb6
45. h4 Nd7 46. Kc3 Kd5 47. h5 Nf6 48. h6 Nh7 49. f4 Nf6 50. g4 Ke4 51. g5 Nd5+
52. Kb2 Nxf4 53. h7 Ng6 54. Kc3 Kd5 55. Kd3 Nh8 56. Ke3 Ke5 57. Kd3 Kd5 58. Ke3
1/2-1/2

[Event "Detroit (Class A/3/8)"]
[Site "?"]
[Date "1996.??.??"]
[Round "?"]
[White "Morris, Jewell"]
[Black "Burg, Dan"]
[Result "1/2-1/2"]
[WhiteElo "1840"]
[BlackElo "1920"]
[PlyCount "38"]
[EventDate "1996.??.??"]

{3/(8)} 1. d4 d5 2. c4 c6 3. Nc3 Nf6 4. Bg5 e6 5. e4 dxe4 6. Nxe4 Nbd7 7. Nf3
Be7 8. Nxf6+ Nxf6 9. Bd3 Qa5+ 10. Bd2 Qc7 11. O-O O-O 12. Re1 b6 13. Bc3 Bb7
14. Bc2 Rad8 15. Qd3 g6 16. Qe3 Ng4 17. Qe4 Nf6 18. Qe3 Ng4 19. Qe4 Nf6 1/2-1/2

[Event "Lansing (MOR/5/5)"]
[Site "?"]
[Date "1996.??.??"]
[Round "?"]
[White "Morian, William"]
[Black "Rosenberg, Steve"]
[Result "0-1"]
[WhiteElo "1605"]
[BlackElo "1755"]
[PlyCount "44"]
[EventDate "1996.??.??"]

{5/(5)} 1. e4 Nf6 2. e5 Nd5 3. d4 d6 4. Nf3 Bg4 5. c3 Nc6 6. Bc4 e6 7. exd6
Bxd6 8. h3 Bh5 9. Bxd5 exd5 10. O-O O-O 11. Be3 Ne7 12. Nbd2 Nf5 13. Re1 Nh4
14. g4 Nxf3+ 15. Qxf3 Bg6 16. Bf4 Be7 17. Nf1 f5 18. Rxe7 Qxe7 19. Qxd5+ Kh8
20. Ne3 fxg4 21. Bg5 Qf7 22. hxg4 Qxf2+ 0-1

[Event "Howell (US Am N/6/18)"]
[Site "?"]
[Date "1996.??.??"]
[Round "?"]
[White "Morian, William"]
[Black "Nicolli, Randy"]
[Result "1/2-1/2"]
[WhiteElo "1605"]
[BlackElo "1785"]
[PlyCount "118"]
[EventDate "1996.??.??"]

{6/(18)} 1. e4 e6 2. d4 f5 3. e5 Nc6 4. Nf3 b6 5. c3 Bb7 6. Bd3 d6 7. O-O Qd7
8. Re1 dxe5 9. dxe5 O-O-O 10. Bc2 Qe8 11. Qe2 h6 12. Ba4 Qf7 13. Nbd2 g5 14.
Nb3 Nge7 15. Qc4 Nb8 16. Nbd4 Bd5 17. Qe2 g4 18. Nd2 Ng6 19. Bb3 Nf4 20. Qd1
Bc5 21. Bxd5 Rxd5 22. N2b3 Bxd4 23. Nxd4 Ng6 24. Qa4 Kb7 25. f4 gxf3 26. Nxf3
Nc6 27. c4 Rd3 28. b4 Rhd8 29. Bxh6 Qh7 30. Bg5 Rg8 31. b5 Nb8 32. Qc2 Rxf3 33.
gxf3 Nh4 34. f4 Nf3+ 35. Kh1 Nxe1 36. Rxe1 Nd7 37. Qg2+ Kb8 38. h4 Nc5 39. Rd1
Ne4 40. Rd8+ Rxd8 41. Bxd8 Qd7 42. Bg5 Qd4 43. Qf3 Qa1+ 44. Kh2 Qxa2+ 45. Qg2
Qxc4 46. h5 Qxb5 47. h6 Qd7 48. Qh3 Qh7 49. Qh5 Kb7 50. Qe8 Nc5 51. Qe7 Qg6 52.
h7 Qh5+ 53. Bh4 Qe2+ 54. Kh3 Qg4+ 55. Kh2 Qxf4+ 56. Bg3 Qd2+ 57. Kh3 Qe2 58.
h8=Q Qf1+ 59. Kh2 Qe2+ 1/2-1/2

[Event "Howell (US Am N/1/50)"]
[Site "?"]
[Date "1996.??.??"]
[Round "?"]
[White "Morian, William"]
[Black "Garfield-Turner, A."]
[Result "1-0"]
[WhiteElo "1605"]
[BlackElo "1605"]
[PlyCount "53"]
[EventDate "1996.??.??"]

{1/(50)} 1. e4 e5 2. Nf3 Nc6 3. d4 exd4 4. Nxd4 Nxd4 5. Qxd4 c5 6. Qa4 Qc7 7.
Nc3 Nf6 8. Bc4 Be7 9. Be3 O-O 10. f3 d6 11. O-O-O Bd7 12. Qb3 a6 13. Nd5 Nxd5
14. Bxd5 Bc6 15. Bxc6 Qxc6 16. Rd5 Bf6 17. Rhd1 c4 18. Qb4 Be7 19. Bf4 a5 20.
Qd2 h6 21. Bxd6 Bg5 22. f4 Rfe8 23. fxg5 Ra6 24. gxh6 gxh6 25. Qxh6 f6 26. Qg6+
Kh8 27. Rh5# 1-0

[Event "Lansing (MOR/2/24)"]
[Site "?"]
[Date "1996.??.??"]
[Round "?"]
[White "Morian, William"]
[Black "Choate, Eric"]
[Result "1-0"]
[WhiteElo "1605"]
[BlackElo "1605"]
[PlyCount "47"]
[EventDate "1996.??.??"]

{2/(24)} 1. e4 e5 2. Nf3 d6 3. d4 Nc6 4. Bb5 Bd7 5. Nc3 Nf6 6. O-O a6 7. Bxc6
Bxc6 8. dxe5 dxe5 9. Qxd8+ Rxd8 10. Nxe5 Bxe4 11. Nxe4 Nxe4 12. Bf4 Rd5 13.
Rfe1 f5 14. Nd3 Bd6 15. Bxd6 Rxd6 16. f3 O-O 17. fxe4 fxe4 18. Rxe4 Rc6 19. c4
Rd6 20. Nf4 Rdf6 21. Ne6 Re8 22. Rae1 Kf7 23. Ng5+ Kf8 24. Rxe8# 1-0

[Event "Lansing (MOR/7/14)"]
[Site "?"]
[Date "1996.??.??"]
[Round "?"]
[White "Morian, William"]
[Black "Carpenter, O."]
[Result "1-0"]
[WhiteElo "1605"]
[BlackElo "1605"]
[PlyCount "119"]
[EventDate "1996.??.??"]

{7/(14)} 1. e4 c5 2. Nf3 Nc6 3. d4 cxd4 4. Nxd4 e5 5. Nf3 Nf6 6. Bc4 Nxe4 7.
Qd5 Qa5+ 8. Qxa5 Nxa5 9. Bd5 d6 10. Bxe4 Be7 11. Nc3 Be6 12. Be3 Nc6 13. O-O-O
f5 14. Bd5 Bxd5 15. Nxd5 Bd8 16. Bg5 O-O 17. Bxd8 Nxd8 18. Rd2 Rf7 19. Rhd1 Ne6
20. Nc3 Rd8 21. Rxd6 Rxd6 22. Rxd6 Nc7 23. Rd8+ Rf8 24. Rxf8+ Kxf8 25. Nxe5 Ke7
26. Kd2 Ke6 27. Nd3 b5 28. Ke3 a6 29. Kd4 Kd6 30. Nf4 g6 31. Nfd5 Ne6+ 32. Ke3
Nf8 33. Nf4 Ke5 34. Nd3+ Kd6 35. f4 Kc6 36. g3 Kd6 37. a4 bxa4 38. Nxa4 Kc6 39.
c4 Nd7 40. Ne5+ Kd6 41. Nxd7 Kxd7 42. b4 Kd6 43. Kd4 h6 44. b5 axb5 45. cxb5 g5
46. Nc3 gxf4 47. gxf4 h5 48. Nd5 h4 49. Nb4 Kc7 50. Kc5 h3 51. Nd5+ Kb7 52. b6
Kb8 53. Kc6 Kc8 54. Nb4 Kb8 55. Na6+ Kc8 56. b7+ Kd8 57. b8=Q+ Ke7 58. Qd6+ Kf7
59. Kd5 Kg7 60. Qe6 1-0

[Event "Howell (US Am N/3/37)"]
[Site "?"]
[Date "1996.??.??"]
[Round "?"]
[White "Morian, William"]
[Black "Afshar, N."]
[Result "0-1"]
[WhiteElo "1605"]
[BlackElo "1605"]
[PlyCount "70"]
[EventDate "1996.??.??"]

{3/(37)} 1. e4 c5 2. Nf3 Nc6 3. d4 cxd4 4. Nxd4 Nf6 5. Nc3 d6 6. Be2 e6 7. Be3
Be7 8. O-O O-O 9. Bf3 e5 10. Nb3 Be6 11. Qd2 a6 12. Rad1 b5 13. Nd5 Bxd5 14.
exd5 Na7 15. Qa5 Qc8 16. c3 Nd7 17. a4 f5 18. Be2 Bd8 19. Qb4 f4 20. Bxa7 Rxa7
21. axb5 a5 22. Qxd6 Rf6 23. Qa3 a4 24. Nd2 Bb6 25. Ne4 Rh6 26. Rc1 Nc5 27.
Nxc5 Bxc5 28. Qa2 Bd6 29. c4 Bc5 30. Rfd1 e4 31. Qb1 Re7 32. Qc2 Qc7 33. g3
fxg3 34. hxg3 Qxg3+ 35. Kf1 Rh1# 0-1

[Event "Eastpointe (EDO/1/9)"]
[Site "?"]
[Date "1996.??.??"]
[Round "?"]
[White "Morabito, Matthew"]
[Black "Wensink, E."]
[Result "1-0"]
[WhiteElo "1905"]
[BlackElo "1605"]
[PlyCount "105"]
[EventDate "1996.??.??"]

{1/(9)} 1. e4 e5 2. Nf3 Nc6 3. Bb5 d6 4. O-O Nf6 5. d4 Bd7 6. c3 Be7 7. Nbd2 a6
8. Ba4 O-O 9. Re1 h6 10. Bxc6 Bxc6 11. dxe5 dxe5 12. Qc2 Bd6 13. Nf1 Re8 14.
Ng3 Bd7 15. h3 Nh7 16. Be3 Re6 17. Nf5 Rf6 18. Nxd6 cxd6 19. Qe2 Qe7 20. Rad1
Bc6 21. Bc1 Rd8 22. c4 b6 23. b3 Re6 24. Rd2 Nf6 25. Qd3 Bxe4 26. Rxe4 Nxe4 27.
Qxe4 Qc7 28. Rd5 b5 29. Bd2 Qb8 30. cxb5 axb5 31. Qb4 e4 32. Nd4 Re5 33. Rxe5
dxe5 34. Nc6 Qc7 35. Nxd8 Qxd8 36. Be3 f5 37. Qxb5 f4 38. Qc4+ Kh8 39. Bc5 f3
40. Qc1 fxg2 41. Kxg2 Qf6 42. Qe3 Qf5 43. b4 Qg6+ 44. Kf1 Qa6+ 45. Qe2 Qc6 46.
a3 g5 47. Qd2 Qa6+ 48. Kg2 Qf6 49. Qe3 Qg6 50. b5 g4 51. h4 h5 52. b6 Qf6 53.
b7 1-0

[Event "Lansing (MI Op/6/21)"]
[Site "?"]
[Date "1996.??.??"]
[Round "?"]
[White "Morabito, Matthew"]
[Black "Skidmore, Mike"]
[Result "0-1"]
[WhiteElo "1905"]
[BlackElo "2020"]
[PlyCount "66"]
[EventDate "1996.??.??"]

{6/(21)} 1. e4 c6 2. d4 d5 3. Nc3 e6 4. Nf3 Nd7 5. Be2 Ne7 6. O-O a6 7. Bf4 Ng6
8. Bg3 Be7 9. Qd2 O-O 10. exd5 exd5 11. Nd1 Nf6 12. Ne3 Ne4 13. Qd1 f5 14. Be5
f4 15. Nc4 dxc4 16. Bxc4+ Kh8 17. Re1 Nd6 18. Bb3 Bg4 19. Qd3 Bxf3 20. gxf3 Qd7
21. Kh1 Qf5 22. Qc3 Nb5 23. Qd2 Rad8 24. Rad1 Qh3 25. Qe2 Nxe5 26. dxe5 Nd4 27.
Rxd4 Rxd4 28. c3 Rd7 29. Rg1 Rfd8 30. Qe4 Bc5 31. e6 Rd2 32. Qxf4 Bd6 33. Rg3
Qf1+ 0-1

[Event "Eastpointe (EDO/3/4)"]
[Site "?"]
[Date "1996.??.??"]
[Round "?"]
[White "Morabito, Matthew"]
[Black "Moody, David"]
[Result "1-0"]
[WhiteElo "1905"]
[BlackElo "2050"]
[PlyCount "79"]
[EventDate "1996.??.??"]

{3/(4)} 1. e4 e5 2. Nf3 Nc6 3. Bb5 a6 4. Ba4 Nf6 5. O-O Be7 6. d4 b5 7. dxe5
Nxe4 8. Bb3 Bb7 9. Qd5 Nxe5 10. Qxe5 O-O 11. Bd5 Bxd5 12. Qxd5 Nf6 13. Qd3 h6
14. Nc3 d5 15. Nd1 c5 16. c3 c4 17. Qc2 Ne4 18. Nd4 Qd7 19. f3 Nc5 20. Nf2 a5
21. Qf5 Qb7 22. Ng4 Ra6 23. Qc2 Bd6 24. Nf5 Bb8 25. Be3 Nd3 26. Nf2 Qd7 27. Ng3
f5 28. Bd4 f4 29. Ne2 Qf5 30. Rad1 Re6 31. Nxd3 cxd3 32. Rxd3 Rfe8 33. Rf2 Qf7
34. Qd2 Qe7 35. Kf1 g5 36. b4 axb4 37. cxb4 Bd6 38. a3 Re3 39. Bc3 Qh7 40. Rxd5
1-0

[Event "Eastpointe (EDO/4/2)"]
[Site "?"]
[Date "1996.??.??"]
[Round "?"]
[White "Morabito, Matthew"]
[Black "Mazuchowski, Tom"]
[Result "0-1"]
[WhiteElo "1905"]
[BlackElo "2140"]
[PlyCount "96"]
[EventDate "1996.??.??"]

{4/(2)} 1. e4 c5 2. Nf3 Nc6 3. d4 cxd4 4. Nxd4 Nf6 5. Nc3 d6 6. Bc4 Bd7 7. Bb3
g6 8. f3 Bg7 9. Be3 O-O 10. Qd2 a5 11. Nxc6 bxc6 12. O-O Qc7 13. Rad1 Be6 14.
Bxe6 fxe6 15. Ne2 e5 16. c4 Rfd8 17. Nc3 a4 18. Qc2 Qa5 19. Rfe1 Rdb8 20. Rb1
Qb4 21. Ne2 Nd7 22. Kf1 Nc5 23. Bxc5 Qxc5 24. Nc1 d5 25. Nd3 Qxc4 26. Qxc4 dxc4
27. Nc5 Rb5 28. Ne6 Rab8 29. Rec1 a3 30. Rxc4 Rxb2 31. Re1 Rxa2 32. Re2 Rxe2
33. Kxe2 Ra8 34. Rc1 Bh6 35. Ra1 a2 36. Kd1 Be3 37. Kc2 Bd4 38. Nxd4 exd4 39.
Kb3 Kf7 40. Rxa2 Rxa2 41. Kxa2 g5 42. Kb3 e5 43. Kb4 Ke6 44. Kb3 Kd6 45. Kb4
c5+ 46. Kc4 Kc6 47. g3 Kb6 48. h3 Kc6 0-1

[Event "Lansing (MI Op/3/23)"]
[Site "?"]
[Date "1996.??.??"]
[Round "?"]
[White "Morabito, Matthew"]
[Black "Kitts, Gary"]
[Result "1-0"]
[WhiteElo "1905"]
[BlackElo "2000"]
[PlyCount "55"]
[EventDate "1996.??.??"]

{3/(23)} 1. e4 e6 2. d4 d5 3. e5 c5 4. c3 Nc6 5. Nf3 Qb6 6. Bd3 Bd7 7. dxc5
Bxc5 8. O-O a5 9. Nbd2 f6 10. exf6 Nxf6 11. Nb3 O-O 12. Nxc5 Qxc5 13. Re1 Ng4
14. Be3 Qd6 15. Bxh7+ Kh8 16. Bc2 Rae8 17. Qd3 Nf6 18. Bg5 e5 19. Nh4 e4 20.
Qg3 Qxg3 21. hxg3 Kg8 22. Ng6 Rf7 23. Be3 Ne5 24. Nxe5 Rxe5 25. Bb3 Be6 26.
Rad1 Kf8 27. f3 exf3 28. Bc5+ 1-0

[Event "Lansing (MI Op/1a/4"]
[Site "?"]
[Date "1996.??.??"]
[Round "?"]
[White "Morabito, Matthew"]
[Black "Hahn, David"]
[Result "0-1"]
[WhiteElo "1905"]
[BlackElo "2200"]
[PlyCount "60"]
[EventDate "1996.??.??"]

1. e4 d6 2. d4 Nf6 3. Nc3 g6 4. Nf3 Bg7 5. Be2 O-O 6. O-O Na6 7. h3 c5 8. Be3
cxd4 9. Bxd4 b6 10. Nd5 e5 11. Nxf6+ Qxf6 12. Be3 Bb7 13. Bc4 Qe7 14. Bd5 Bxd5
15. Qxd5 Nc7 16. Qb3 Ne6 17. Rad1 Kh8 18. Rd2 f5 19. exf5 gxf5 20. Rfd1 Rad8
21. Rd5 f4 22. Bxb6 axb6 23. Qxb6 e4 24. Ne1 Be5 25. Qb4 Nc5 26. b3 f3 27. g4
e3 28. Nd3 Nxd3 29. R1xd3 exf2+ 30. Kxf2 Qh4+ 0-1

[Event "Kalamazoo (Swiss/1/5)"]
[Site "?"]
[Date "1996.??.??"]
[Round "?"]
[White "Moore, Robert"]
[Black "Witz, B."]
[Result "1-0"]
[WhiteElo "1700"]
[BlackElo "1605"]
[PlyCount "31"]
[EventDate "1996.??.??"]

{1/(5)} 1. e4 e5 2. Nf3 Nc6 3. Bb5 Nf6 4. O-O b6 5. Re1 Bb7 6. d3 Bc5 7. Bxc6
Bxc6 8. Nxe5 O-O 9. Bg5 Qe8 10. Nxc6 dxc6 11. Bxf6 gxf6 12. d4 Bd6 13. Re3 c5
14. Qg4+ Kh8 15. Qf5 cxd4 16. Rh3 1-0

[Event "Kalamazoo (Swiss/4/2)"]
[Site "?"]
[Date "1996.??.??"]
[Round "?"]
[White "Moore, Robert"]
[Black "Vander Horst, D."]
[Result "0-1"]
[WhiteElo "1700"]
[BlackElo "1605"]
[PlyCount "71"]
[EventDate "1996.??.??"]

{4/(2)} 1. e4 e5 2. Nf3 Nc6 3. Bb5 d6 4. O-O Bd7 5. h3 Nf6 6. Re1 Be7 7. c3 a6
8. Ba4 O-O 9. d4 b5 10. Bc2 exd4 11. cxd4 Nb4 12. Bb3 Qc8 13. Nh2 Re8 14. a3
Nc6 15. Bf4 Na5 16. Bc2 Nc4 17. Qc1 Qb7 18. b3 Nb6 19. Qd1 c5 20. e5 Nfd5 21.
Be4 Bc6 22. Qf3 dxe5 23. Bxe5 c4 24. Ng4 Rac8 25. Nh6+ gxh6 26. Qg4+ Bg5 27. h4
Qe7 28. Qf5 f6 29. Bg3 Kg7 30. hxg5 Kh8 31. Bd6 Qd7 32. Qxd7 Bxd7 33. bxc4 Nxc4
34. Bc5 f5 35. Nc3 fxe4 36. Nxe4 $138 0-1

[Event "Lansing (MOR/1a/5)"]
[Site "?"]
[Date "1996.??.??"]
[Round "?"]
[White "Moore, Robert"]
[Black "Tobias, Philip"]
[Result "0-1"]
[WhiteElo "1720"]
[BlackElo "1605"]
[PlyCount "50"]
[EventDate "1996.??.??"]

1. e4 d5 2. exd5 Qxd5 3. Nc3 Qa5 4. d4 c6 5. Bd2 Nf6 6. Bc4 e6 7. Nf3 Nbd7 8.
O-O Qc7 9. Re1 Bd6 10. d5 O-O 11. dxe6 fxe6 12. Bxe6+ Kh8 13. Bb3 Ng4 14. h3
Nge5 15. Nxe5 Nxe5 16. Ne4 Bxh3 17. Nxd6 Qxd6 18. Bb4 Qg6 19. g3 Nf3+ 20. Kh1
Qh5 21. Re5 Qxe5 22. Bxf8 Qh5 23. Be7 Bg4+ 24. Bh4 Nxh4 25. Bf7 Ng6+ 0-1

[Event "Howell (US Am N/4/18)"]
[Site "?"]
[Date "1996.??.??"]
[Round "?"]
[White "Moore, Robert"]
[Black "Sanborn, Richard"]
[Result "1-0"]
[WhiteElo "1700"]
[BlackElo "1825"]
[PlyCount "59"]
[EventDate "1996.??.??"]

{4/(18)} 1. e4 c5 2. Nf3 d6 3. d4 cxd4 4. Nxd4 Nf6 5. Nc3 a6 6. Bg5 e6 7. f4
Be7 8. Qf3 O-O 9. O-O-O Qc7 10. Kb1 Nc6 11. g4 Nxd4 12. Rxd4 b5 13. Rd2 Bb7 14.
Bd3 b4 15. Ne2 a5 16. Bxf6 Bxf6 17. g5 Be7 18. Qh3 e5 19. Ng3 a4 20. Nf5 b3 21.
cxb3 axb3 22. a3 Ra4 23. Rhd1 Qd7 24. Nh6+ gxh6 25. Qxd7 Bxe4 26. Qxa4 Bxd3+
27. Rxd3 exf4 28. gxh6 Bg5 29. Qd4 Bxh6 30. Rg1+ 1-0

[Event "Detroit (Class B/2/13)"]
[Site "?"]
[Date "1996.??.??"]
[Round "?"]
[White "Moore, Robert"]
[Black "Nicolli, Randy"]
[Result "0-1"]
[WhiteElo "1705"]
[BlackElo "1755"]
[PlyCount "88"]
[EventDate "1996.??.??"]

{2/(13)} 1. e4 e5 2. Nf3 f5 3. d4 fxe4 4. Nxe5 Nf6 5. Bc4 d5 6. Bb3 Nc6 7. Bg5
Be6 8. Ba4 Bd7 9. Nxd7 Qxd7 10. Bxf6 gxf6 11. Qh5+ Kd8 12. Nd2 Rg8 13. g3 Rg5
14. Qe2 a6 15. h4 Rg6 16. c3 Bh6 17. Nf1 f5 18. Ne3 Qf7 19. Qh5 Ne7 20. O-O-O
c6 21. Kb1 Bxe3 22. fxe3 Qg7 23. Rhg1 Kc7 24. Rg2 Rf8 25. Rdg1 Ng8 26. Qe2 Nf6
27. Qf2 Ng4 28. Qf4+ Kb6 29. Rc1 Nf6 30. Bb3 Nh5 31. Qf2 Nxg3 32. Rcg1 Nh5 33.
Rxg6 hxg6 34. Qg2 f4 35. exf4 Nxf4 36. Qd2 Qe7 37. c4 e3 38. Qe1 e2 39. cxd5
cxd5 40. Bc2 Ng2 41. Qc1 e1=Q 42. Rxe1 Qxe1 43. Qxe1 Nxe1 44. Bxg6 Nf3 0-1

[Event "Lansing (MOR/3/44)"]
[Site "?"]
[Date "1996.??.??"]
[Round "?"]
[White "Moore, Robert"]
[Black "McNair, Shawn"]
[Result "1-0"]
[WhiteElo "1720"]
[BlackElo "1605"]
[PlyCount "61"]
[EventDate "1996.??.??"]

{3/(44)} 1. e4 c5 2. Nf3 e6 3. d4 cxd4 4. Nxd4 Nf6 5. Nc3 d6 6. Be2 Nc6 7. O-O
Be7 8. Be3 O-O 9. f4 Nd7 10. Ndb5 Nb6 11. Bd3 a6 12. Nd4 g6 13. Qf3 Nxd4 14.
Bxd4 Nd7 15. f5 exf5 16. exf5 Ne5 17. Bxe5 dxe5 18. Nd5 Bd7 19. Nxe7+ Qxe7 20.
f6 Qc5+ 21. Kh1 Bc6 22. Qh3 h5 23. Qg3 e4 24. Be2 Rfe8 25. Rf4 Re5 26. h4 Qxc2
27. Rf2 Qc5 28. Rff1 Rae8 29. Rac1 Qb6 30. Bc4 Qxb2 31. Qxg6+ 1-0

[Event "Kalamazoo (Mini-Swiss.1/2)"]
[Site "?"]
[Date "1996.??.??"]
[Round "?"]
[White "Moore, Robert"]
[Black "Griffin, John"]
[Result "1-0"]
[WhiteElo "1720"]
[BlackElo "1605"]
[PlyCount "125"]
[EventDate "1996.??.??"]

{1/(2)} 1. e4 c5 2. Nf3 Nc6 3. d4 cxd4 4. Nxd4 Nf6 5. Nc3 e5 6. Ndb5 d6 7. Nd5
Nxd5 8. exd5 Nb8 9. c4 Be7 10. Bd3 a6 11. Nc3 Nd7 12. Be3 O-O 13. Qc2 f5 14.
Bxf5 Nf6 15. Bxc8 Rxc8 16. b3 Ng4 17. O-O Bg5 18. Bxg5 Qxg5 19. Ne4 Qg6 20. Qe2
Rf4 21. f3 Nh6 22. Qe3 Rcf8 23. Rae1 Nf5 24. Qd2 Nd4 25. Kh1 Qh6 26. Kg1 Rh4
27. Qxh6 Rxh6 28. Rf2 b5 29. c5 dxc5 30. Nxc5 Rg6 31. Kf1 Re8 32. Nd7 Rd6 33.
Nxe5 Rxd5 34. Ng4 Rxe1+ 35. Kxe1 Nc6 36. Rd2 Rc5 37. Kd1 a5 38. Rc2 Rxc2 39.
Kxc2 Nb4+ 40. Kb1 Kf7 41. Ne5+ Ke6 42. f4 h6 43. a3 Nd5 44. g3 Ne3 45. Nc6 a4
46. bxa4 bxa4 47. Nd4+ Kd5 48. Ne2 Kc4 49. Kb2 Nd1+ 50. Kc2 Ne3+ 51. Kb2 Nd1+
52. Ka2 Ne3 53. h3 g5 54. fxg5 hxg5 55. h4 gxh4 56. gxh4 Nf5 57. h5 Kd3 58.
Nf4+ Kc4 59. Kb2 Nh6 60. Kc2 Nf5 61. Ne2 Ne3+ 62. Kb2 Nf5 63. Nc3 1-0

[Event "Lansing (MOR/6/28)"]
[Site "?"]
[Date "1996.??.??"]
[Round "?"]
[White "Moore, Robert"]
[Black "Goerke, Jesse"]
[Result "1-0"]
[WhiteElo "1720"]
[BlackElo "1605"]
[PlyCount "81"]
[EventDate "1996.??.??"]

{6/(28)} 1. e4 c5 2. Nf3 Nc6 3. d4 e6 4. Be2 Nf6 5. Nc3 Qb6 6. dxc5 Bxc5 7. O-O
Ng4 8. Qe1 Nxf2 9. Rxf2 Bxf2+ 10. Qxf2 Qxf2+ 11. Kxf2 O-O 12. Bf4 f5 13. Bd6
Rf7 14. e5 h6 15. h4 a6 16. Na4 b5 17. Nb6 Ra7 18. Nxc8 Rb7 19. c3 b4 20. Bxa6
Nd8 21. Bxb7 Nxb7 22. Bxb4 g6 23. Nd6 Nxd6 24. Bxd6 Rg7 25. a4 Kh7 26. a5 g5
27. hxg5 hxg5 28. a6 Rg8 29. a7 g4 30. Ng5+ Kh6 31. Be7 f4 32. a8=Q Rxa8 33.
Rxa8 g3+ 34. Kf3 d6 35. exd6 e5 36. d7 e4+ 37. Nxe4 Kg6 38. d8=Q Kf5 39. Ra5+
Kg6 40. Qg8+ Kh6 41. Bf8# 1-0

[Event "Howell (US Am N/2/12)"]
[Site "?"]
[Date "1996.??.??"]
[Round "?"]
[White "Moore, Robert"]
[Black "Dangremond, Leonard"]
[Result "0-1"]
[WhiteElo "1700"]
[BlackElo "1970"]
[PlyCount "76"]
[EventDate "1996.??.??"]

{2/(12)} 1. e4 e5 2. Nf3 Nc6 3. Bb5 a6 4. Ba4 Nf6 5. O-O b5 6. Bb3 Bc5 7. d3 d6
8. h3 Be6 9. Nc3 O-O 10. Bg5 h6 11. Bh4 g5 12. Bg3 Ne7 13. d4 exd4 14. Nxd4
Bxd4 15. Qxd4 Ng6 16. f4 gxf4 17. Bxf4 Nxf4 18. Rxf4 Nh5 19. Rf3 c5 20. Qe3 Qg5
21. Qxg5+ hxg5 22. Bd5 Rad8 23. Bb7 b4 24. Nd5 a5 25. Raf1 Kg7 26. g4 Bxd5 27.
Bxd5 Nf4 28. Bc4 Rh8 29. Kh2 Rh4 30. Rh1 Rdh8 31. Bf1 Rxg4 32. Rg3 Rxg3 33.
Kxg3 Kf6 34. Bd3 Ke5 35. Rh2 Rh4 36. Kf3 g4+ 37. Kg3 Rxh3+ 38. Rxh3 gxh3 0-1

[Event "Lansing (MOR/4/31)"]
[Site "?"]
[Date "1996.??.??"]
[Round "?"]
[White "Moore, Robert"]
[Black "Castleberry, L."]
[Result "1-0"]
[WhiteElo "1720"]
[BlackElo "1605"]
[PlyCount "59"]
[EventDate "1996.??.??"]

{4/(31)} 1. e4 e5 2. Nf3 Nc6 3. Bb5 a6 4. Ba4 b5 5. Bb3 Nf6 6. O-O Bc5 7. d3
O-O 8. h3 h6 9. a4 Bb7 10. Nc3 d6 11. axb5 axb5 12. Rxa8 Bxa8 13. Nxb5 Qd7 14.
Nc3 Ne7 15. Bd2 Bc6 16. Be3 Bb4 17. Ne2 Bb7 18. c3 Ba5 19. Ng3 c5 20. Nh4 Kh8
21. Qf3 Qb5 22. Bc4 Qxb2 23. Bxh6 d5 24. exd5 Nexd5 25. Ne4 Nxc3 26. Bxg7+ Kxg7
27. Qxf6+ Kg8 28. Nf5 Ne2+ 29. Kh2 Bxe4 30. Qg7# 1-0

[Event "Detroit (Class B/4/14)"]
[Site "?"]
[Date "1996.??.??"]
[Round "?"]
[White "Moore, Robert"]
[Black "Blanchard, Robert"]
[Result "0-1"]
[WhiteElo "1705"]
[BlackElo "1690"]
[PlyCount "60"]
[EventDate "1996.??.??"]

{4/(14)} 1. e4 c5 2. Nf3 d6 3. d4 cxd4 4. Nxd4 Nf6 5. Nc3 a6 6. Bg5 e6 7. f4
Be7 8. Qf3 Qc7 9. O-O-O b5 10. a3 Nbd7 11. Bd3 Bb7 12. Bxf6 Bxf6 13. Bf1 Rc8
14. Bxb5 axb5 15. Ndxb5 Qb6 16. Nxd6+ Ke7 17. Nxc8+ Rxc8 18. Qd3 Nc5 19. Qb5
Qa7 20. e5 Bxe5 21. fxe5 Bxg2 22. Rhg1 Bf3 23. Rdf1 Bh5 24. Qb4 Bg6 25. Nb5 Qb6
26. Rd1 Kf8 27. Nd6 Qxb4 28. axb4 Nb3+ 29. Kb1 Bxc2+ 30. Ka2 Ra8# 0-1